Los Escritores a los pies de la eucaristia : discurso en el Congreso Eucarístico Internacional, 31 mayo 1952 / discurso en el Congreso Eucarístico Internacional, 31 mayo 1952 /
Colección:
San Jorge,
; núm. 7 (juliol 1952), pàg 49-51
Materias:
Congrés Eucarístic Internacional -- (35è : -- 1952 : -- Barcelona, Catalunya)
; Eucaristia -- Congressos
; Religió i literatura
Idioma:
Español
MARC
| LEADER | 00000naa a2200000 a 4500 | ||
|---|---|---|---|
| 003 | Arxiu | ||
| 005 | 20260324181032.0 | ||
| 008 | 160829s1952 spc xx s spa c | ||
| 040 | |a agdb | ||
| 100 | 1 | |a Claudel, Paul, |d 1868-1955 |9 22789 | |
| 245 | 1 | 4 | |a Los Escritores a los pies de la eucaristia : |b discurso en el Congreso Eucarístico Internacional, 31 mayo 1952 / |c por Paul Claudel |
| 490 | |a San Jorge, |v núm. 7 (juliol 1952), pàg 49-51 | ||
| 590 | |a Conté el text del discurs | ||
| 611 | 0 | |a Congrés Eucarístic Internacional |n (35è : |d 1952 : |c Barcelona, Catalunya) |9 54589 | |
| 650 | |a Eucaristia |x Congressos |9 29417 | ||
| 650 | |a Religió i literatura |9 29418 | ||
| 773 | |g núm. 7 (juliol 1952), pàg 49-51 |t San Jorge. | ||
| 901 | |a Arxiu | ||
| 942 | |n 1 |2 udc |c ART | ||
| 952 | |0 0 |1 0 |4 0 |6 REV508 |7 1 |9 64258 |a Arxiu |b Arxiu |d 2022-11-21 |l 0 |o Rev-508 |r 2022-11-21 00:00:00 |w 2022-11-21 |y ARXIU | ||
| 999 | |c 47909 |d 47909 | ||